000
00311nam a22001337a 4500
008
171011b xxu||||| |||| 00| 0 eng d
020
_a
2901412978100
041
_a
eng
080
_2
2ND
_a
316
100
_a
50
101
_a
SOC
245
_a
HOW CAN WE SOLVE OUR SOCIAL PROBLEMS?
_c
CRONE,J.A
942
_2
udc
_c
BK
999
_c
33107
_d
33107